Mantenimiento y reconstrucción de maquinaria: resolución de uno de los más importantes problemas de la industria moderna

Saved in:
Bibliographic Details
Main Authors: Porritt, William (Author), Plant E., M. I (Author), Litton, John (Author)
Format: Book
Language:Spanish
Published: Barcelona Hispano Europea 1974
Series:Biblioteca Técnica
Subjects:
Tags: Add Tag
No Tags, Be the first to tag this record!

MARC

LEADER 00000nam a2200000 a 4500
001 UCP2323
003 CL-VaPUC
008 990514e19740000SP |||||||||||||||||spa|d
082 0 4 |a 621.816  |b POR  |2 21 
100 0 |a Porritt, William  |e author  |9 428978 
700 0 |a Plant E., M. I  |e author  |9 428979 
700 0 |a Litton, John  |e author  |9 428980 
245 1 0 |a Mantenimiento y reconstrucción de maquinaria: resolución de uno de los más importantes problemas de la industria moderna 
300 |a 263 p 
942 |c BK 
945 |d 19990514 00:00:00  |a cmena 
260 |a Barcelona  |b Hispano Europea  |c 1974 
650 7 |a MECANICA INDUSTRIAL  |2 CL-VaPUC  |9 428981 
650 7 |a MANTENCION Y REPARACION  |2 CL-VaPUC  |9 428982 
650 0 |a Máquinas herramientas  |9 262583 
583 |a last modification  |c 19990514 00:00:00  |k Rodrigo Vera 
490 0 |a Biblioteca Técnica 
999 |c 280874  |d 280872